书目信息 |
| 题名: |
最新商品归类技巧
|
|
| 作者: | 赵宏 主编 | |
| 分册: | ||
| 出版信息: | 北京 中国海关出版社 2008 |
|
| 页数: | 352页 | |
| 开本: | 24cm | |
| 丛书名: | 通关实务系列 | |
| 单 册: | ||
| 中图分类: | F760.2 | |
| 科图分类: | ||
| 主题词: | 商品--分类 , 商品 | |
| 电子资源: | ||
| ISBN: | 978-7-80165-520-2 | |
| 000 | 00981oam2 2200289 45 | |
| 001 | 1029981722 | |
| 005 | 20100428150247.14 | |
| 010 | @a978-7-80165-520-2@dCNY38.00 | |
| 100 | @a20100420d2008 em y0chiy50 ea | |
| 101 | 0 | @achi |
| 102 | @aCN@b110000 | |
| 105 | @ak z 000yy | |
| 106 | @ar | |
| 200 | 1 | @a最新商品归类技巧@AZui Xin Shang Pin Gui Lei Ji Qiao@f赵宏主编@FZhao Hong Zhu Bian |
| 210 | @a北京@c中国海关出版社@d2008 | |
| 215 | @a352页@d24cm | |
| 225 | 2 | @a通关实务系列 |
| 312 | @a封面英文题名:The latest techniques of goods classified | |
| 330 | @a本书内容包括一般的归类方法和技巧、简易货品归类方式。并对习题中货品的归类依据、货品特点、简易方式的使用、易产生错误及正确答案等进行介绍。 | |
| 461 | 0 | @12001 @a通关实务系列 |
| 510 | 1 | @aLatest techniques of goods classified@zeng |
| 606 | 0 | @a商品@x分类 |
| 606 | 0 | @a商品 |
| 690 | @aF760.2@v4 | |
| 701 | 0 | @a赵宏@AZhao Hong@4主编 |
| 801 | 0 | @aCN@bTANGWEI@c20100428 |
| 905 | @b0595251-55@dF760.2@e33@f5 | |
| 最新商品归类技巧/赵宏主编.-北京:中国海关出版社,2008 |
| 352页;24cm.-(通关实务系列) |
| ISBN 978-7-80165-520-2:CNY38.00 |
| 本书内容包括一般的归类方法和技巧、简易货品归类方式。并对习题中货品的归类依据、货品特点、简易方式的使用、易产生错误及正确答案等进行介绍。 |
| ● |
| 相关链接 |
|
|
|
|
正题名:最新商品归类技巧
索取号:F760.2/33
 
预约/预借
| 序号 | 登录号 | 条形码 | 馆藏地/架位号 | 状态 | 备注 |
| 1 | 0595251 | 205952511 | 第一样本阅览室/ [索取号:F760.2/33] | 在馆 | |
| 2 | 0595252 | 205952520 | 第一借阅区/ [索取号:F760.2/33] | 在馆 | |
| 3 | 0595253 | 205952539 | 第一借阅区/ [索取号:F760.2/33] | 在馆 | |
| 4 | 0595254 | 205952548 | 第一借阅区/ [索取号:F760.2/33] | 在馆 | |
| 5 | 0595255 | 205952557 | 第一借阅区/ [索取号:F760.2/33] | 在馆 |